100m: Sub-10 Second Sprinters Since 2001 (By Country) - Statistics

General Stats
  • This quiz has been taken 28 times
    13 since last reset
  • The average score is 48 of 189
Answer Stats
Nationality Athlete Year Time % Correct
Jamaica Asafa Powell 2022-
2021
2020
2019
2018
2017
2016
2015
2014
2013
2012
2011
2010
2009
2008
2007
2006
2005
2004
2003
2002
2001
-10.48 10.51 10.02 10.24 10.08 9.92 9.81 9.87 - 9.85 9.78 9.82 9.82 9.72 9.74 9.77 9.77 9.87 10.02 10.12 10.50
100%
USA Tyson Gay 2022-2021 2020 2019 2018 2017 2016 2015 2014 2013 2012 2011 2010 2009 2008 2007 2006 2005 2004 2003 2002 2001 2000 -10.51 - 10.36 10.11 10.17 9.97 9.87 9.93 - 9.86 9.79 9.78 9.69 9.77 9.84 9.84 10.08 10.06 10.17 10.27 10.28 10.56
100%
Jamaica Usain Bolt 2018-2017 2016 2015 2014 2013 2012 2011 2010 2009 2008 2007 -9.95 9.81 9.79 9.98 9.77 9.93 9.76 9.82 9.58 9.69 10.03
100%
Jamaica Yohan Blake 2025
2024
2023
2022
2021
2020
2019
2018
2017
2016
2015
2014
2013
2012
2011
2010
2009
2008
2007
2006
2005
10.1910.16 10.01 9.85 9.95 10.15 9.96 9.94 9.90 9.93 10.12 10.02 - 9.69 9.82 9.89 10.07 10.27 10.11 10.33 10.56
100%
Jamaica Ackeem Blake 2025 2024 2023 2022 2021 2020 2019 2018 9.889.89 9.89 9.93 10.35 10.64 10.41 10.87
90%
Canada Jerome Blake 2025
2024
2023
2022
2021
2020
2019
2018 2017 2016 2015 2014
9.9510.01 10.06 10.00 10.06 10.40 10.20 10.23 10.38 10.47 10.36 10.71
90%
UK Nethaneel Mitchell-Blake 2025 2024 2023 2022 2021 2020 2019 2018 2017 2016 2015 2014 2013 10.2910.14 - 10.10 10.28 - 10.11 10.08 9.99 10.09 - 10.42 10.43
90%
USA Justin Gatlin 2022-
2021
2020
2019
2018
2017
2016
2015
2014
2013
2012
2011
2010
2009
2008
2007
2006
2005
2004
2003
2002
2001
2000
-9.98 10.07 9.87 10.03 9.92 9.80 9.74 9.77 9.85 9.79 9.95 10.09 - - - - 9.88 9.85 9.97 - 10.08 10.36
80%
USA Kenneth Bednarek 2025
2024
2023
2022
2021
2020 2019 2018 2017 2016 2015
9.799.87 9.98 9.95 9.89 10.09 - 10.42 - - 10.96
80%
Jamaica Kishane Thompson 20252024 2023 2022 2021 2020 2019 2018 2017 9.759.77 9.85 10.21 - 10.56 10.59 10.89 11.17
80%
Italy Lamont Marcell Jacobs 2025
2024
2023
2022
2021
2020
2019
2018
2017
2016
2015
2014
2013
2012
2011
10.169.85 10.05 9.95 9.80 10.10 10.03 10.08 10.82 10.23 - 10.53 11.19 10.68 11.19
80%
USA Noah Lyles 2025
2024
2023
2022
2021
2020
2019
2018 2017 2016 2015 2014 2013 2012
9.899.79 9.83 9.95 9.95 10.04 9.86 9.88 - 10.16 10.14 10.45 10.86 11.27
80%
Jamaica Oblique Seville 2025
2024
2023
2022
2021
2020
2019
2018 2017
9.779.81 9.86 9.86 10.04 10.61 10.13 10.77 10.89
80%
Trinidad and Tobago Richard Thompson 2022-2021 2020 2019 2018 2017 2016 2015 2014 2013 2012 2011 2010 2009 2008 2007 2006 2005 2004 -10.30 - - - - 9.97 10.04 9.82 10.14 9.96 9.85 10.01 9.93 9.89 10.09 10.27 10.47 10.65
80%
USA Christian Coleman 2025
2024
2023
2022
2021 2020 2019 2018 2017 2016 2015 2014
9.869.86 9.83 9.87 - - 9.76 9.79 9.82 9.95 10.18 10.30
70%
Jamaica Kemar Bailey-Cole 2023-
2022
2021
2020
2019
2018
2017
2016
2015
2014
2013
2012
2011
2010
2009
-10.04 10.47 - 10.15 10.12 10.06 10.00 9.92 9.96 9.93 9.97 10.28 10.53 10.41
70%
Botswana Letsile Tebogo 2025
2024
2023
2022
2021
2020
2019
9.94 9.86 9.88 9.91 10.11 10.49 10.68
70%
Japan Abdul Hakim Sani Brown 2025
2024
2023
2022
2021
2020
2019
2018
2017
2016
2015
2014
10.319.96 9.97 9.98 10.29 - 9.97 10.46 10.05 10.22 10.28 10.45
60%
South Africa Akani Simbine 2025
2024
2023
2022
2021
2020
2019
2018 2017 2016 2015 2014 2013 2012 2011 2010
9.909.82 9.92 9.97 9.84 9.91 9.92 9.93 9.92 9.89 9.97 10.02 10.36 10.19 10.57 10.61
60%
Canada Andre De Grasse 2025
2024
2023
2022
2021
2020
2019
2018
2017
2016
2015
2014
2013
2012
10.099.98 10.16 10.05 9.89 9.97 9.90 10.15 10.01 9.91 9.92 10.15 10.25 10.59
60%
Kenya Ferdinand Omanyala 2025
2024
2023
2022
2021
2020
2019
10.009.79 9.84 9.85 9.77 10.32 10.47
60%
UK Zharnel Hughes 2025
2024
2023
2022
2021
2020
2019
2018 2017 2016 2015 2014 2013 2012 2011 2010
9.9110.00 9.83 9.97 9.98 - 9.95 9.91 10.12 10.10 10.15 10.12 10.23 10.42 10.81 11.14
60%
Netherlands Churandy Martina 2025-
2024
2023
2022
2021
2020
2019
2018
2017
2016
2015
2014
2013
2012
2011
2010
2009
2008
2007
2006
2005
2004
2003
2002
2001
2000
1999
-10.36 10.49 10.40 10.37 10.34 10.19 10.16 10.19 10.01 10.06 10.13 10.03 9.91 10.10 10.03 9.97 9.93 10.06 10.04 10.10 10.13 10.29 10.30 10.64 10.71 11.01
50%
USA Fred Kerley 2025
2024
2023
2022
2021
2020
2019
2018 2017 2016 2015 2014
9.989.81 9.88 9.76 9.84 11.05 - - - - 10.49 10.56
50%
USA Jo'Vaughn Martin 2024-
2023
2022
2021
2020
2019
2018
2017
- 10.22 10.05 9.94 - 10.40 10.57 10.56
50%
USA Maurice Greene 2008-2007 2006 2005 2004 2003 2002 2001 2000 1999 1998 1997 1996 1995 -10.84 10.35 10.01 9.87 9.94 9.89 9.82 9.86 9.79 9.90 9.86 10.08 10.19
50%
USA Rodney Martin 2017-2016 2015 2014 2013 2012 2011 2010 2009 2008 2007 2006 2005 2004 2003 2002 2001 -10.70 - - - 10.64 10.39 10.31 10.29 9.95 10.31 10.24 10.25 - 10.51 10.48 10.78
50%
USA Trayvon Bromell 2025
2024
2023
2022
2021
2020
2019
2018 2017 2016 2015 2014 2013 2012
9.8410.14 10.02 9.81 9.76 9.90 10.54 - 10.22 9.84 9.84 9.97 10.14 10.40
50%
South Africa Wayde van Niekerk 2025
2024
2023
2022
2021
2020
2019
2018
2017
2016
2015
2014
2013
2012
2011
2010
10.26- - - - - - - 9.94 9.98 - - - - 10.48 10.58
50%
Canada Aaron Brown 2025
2024
2023
2022
2021
2020
2019
2018
2017
2016
2015
2014
2013
2012
2011
2010
2009
10.0510.10 10.08 10.06 10.08 10.15 9.96 10.12 10.15 9.96 10.10 10.07 10.05 10.18 10.38 10.47 10.46
40%
Trinidad and Tobago Ato Boldon 2005-2004 2003 2002 2001 2000 1999 1998 1997 1996 1995 1994 1993 1992 -10.09 10.09 10.23 9.88 9.95 9.86 9.86 9.87 9.90 10.03 10.07 10.23 10.22
40%
China Bingtian Su 2025
2024
2023
2022
2021
2020
2019
2018
2017
2016
2015
2014
2013
2012
2011
2010
2009
2008
2007
2006
10.49- - 10.15 9.83 - 10.05 9.92 10.03 10.08 9.99 10.10 10.06 10.19 10.16 10.32 10.28 10.41 10.45 10.59
40%
USA Brian Lewis 2008- 2007 2006 2005 2004 2003 2002 2001 2000 1999 1998 1997 1996 1995 1994 -10.44 10.37 10.16 10.14 10.15 9.99 10.10 10.02 10.02 10.03 10.00 10.03 10.24 10.27
40%
France Christophe Lemaitre 2025-2024 2023 2022 2021 2020 2019 2018 2017 2016 2015 2014 2013 2012 2011 2010 2009 2008 2007 2006 2005 -10.66 10.70 - 10.48 10.38 10.27 10.17 10.18 10.07 10.07 10.10 10.00 10.04 9.92 9.97 10.04 10.26 10.53 10.96 11.46
40%
Antugua and Barbuda Daniel Bailey 2022-2021 2020 2019 2018 2017 2016 2015 2014 2013 2012 2011 2010 2009 2008 2007 2006 2005 2004 2003 -10.49 - - - 10.24 10.09 10.11 10.10 10.23 10.10 9.97 10.00 9.91 10.12 10.25 10.38 10.36 10.19 10.53
40%
Trinidad and Tobago Darrel Brown 2025-2024 2023 2022 2021 2020 2019 2018 2017 2016 2015 2014 2013 2012 2011 2010 2009 2008 2007 2006 2005 2004 2003 2002 2001 2000 1999 -10.46 10.80 10.80 - - 10.55 - - 10.49 10.34 10.05 10.46 10.25 10.13 - 10.05 10.02 10.02 10.11 9.99 10.11 10.01 10.09 10.24 10.34 10.67
40%
Italy Filippo Tortu 2025
2024
2023
2022
2021
2020
2019
2018
2017
2016
2015
2014
10.1910.15 - 10.24 10.10 10.07 10.07 9.99 10.15 10.19 10.33 10.72
40%
Liberia Joseph Fahnbulleh 2025
2024
2023
2022
2021
2020
2019
2018
2017
10.1310.00 9.98 10.00 10.21 - 10.35 10.63 11.07
40%
USA Joshua J. Johnson 2009-
2008
2007
2006
2005
2004
2003
2002
2001
2000
-10.52 10.01 - 10.09 10.11 10.05 9.95 10.22 10.24
40%
Jamaica Kemarley Brown 2018-2017 2016 2015 2014 2013 -10.92 10.03 10.11 9.93 10.38
40%
Australia Patrick Johnson 2011-2010 2009 2008 2007 2006 2005 2004 2003 2002 2001 2000 1999 1998 1997 -10.18 10.44 10.29 10.17 10.18 10.20 10.28 9.93 10.26 10.25 10.10 10.17 10.43 10.49
40%
USA Ryan Bailey 2017-
2016
2015
2014
2013
2012
2011
2010
2009
2008
2007
-10.36 9.93 10.12 10.10 9.88 - 9.88 10.05 10.28 10.48
40%
USA Bernard Williams 2013-
2012
2011
2010
2009
2008
2007
2006
2005
2004
2003
2002
2001
2000
1999
1998
-10.54 - 10.46 10.14 10.22 10.22 10.17 10.26 10.04 10.04 9.99 9.94 9.99 10.08 10.03
30%
USA Brandon Hicklin 2025
2024
2023
2022
2021
2020
2019
9.939.95 10.12 10.52 - - 10.69
30%
USA Courtney Lindsey 2025
2024
2023
2022
2021 2020
2019
2018
9.829.97 9.89 10.05 10.15 - 10.35 10.44
30%
Namibia Frank Fredericks 2005-
2004
2003
2002
2001
2000
1999
1998
1997
1996
1995
1994
1993
1992
1991
1990
1989
1988
-10.12 10.10 9.94 10.06 - 9.94 9.93 9.90 9.86 10.03 10.04 10.03 10.02 9.95 10.16 10.02 10.25
30%
USA Ivory Williams 2017-
2016
2015
2014
2013
2012
2011
2010
2009
2008
2007
2006
2005
2004
2003
2002
-10.67 - 10.44 10.45 10.20 10.02 9.95 9.93 9.94 10.13 10.44 10.22 10.29 10.92 10.27
30%
France Jimmy Vicaut 2025
2024
2023
2022
2021
2020
2019
2018
2017
2016
2015
2014
2013
2012
2011
2010
2009
2008
10.2510.14 10.06 10.10 10.06 - 10.02 9.91 9.97 9.86 9.86 9.95 9.95 10.02 10.07 10.16 10.56 10.75
30%
USA Kendal Williams 2025
2024
2023
2022
2021
2020
2019
2018
2017
2016
2015
2014
2013
2012
2011
2010
10.089.93 10.02 9.99 10.15 10.14 10.03 9.99 10.06 10.06 10.07 10.21 10.28 10.48 10.51 10.92
30%
USA Kyree King 2025
2024
2023
2022
2021
2020
2019
2018
2017
2016
2015
2014
2013
2012
10.079.97 10.15 9.96 9.97 10.04 10.17 10.28 10.00 10.33 10.23 10.38 10.79 10.53
30%
USA Marvin Bracy-Williams 2024-
2023
2022
2021
2020
2019
2018
2017
2016
2015
2014
2013
2012
2011
2010
- 9.93
9.85 9.85
10.31 - - 10.39 9.94 9.93 10.08 10.09 10.25 10.28 10.42
30%
USA Micah Williams 2024-
2023
2022
2021
2020
2019
2018
2017
2016
- 9.99 9.86 9.91 - 10.21 10.37 10.90 11.07
30%
Jamaica Nickel Ashmeade 2022-2021 2020 2019 2018 2017 2016 2015 2014 2013 2012 2011 2010 2009 2008 2007 2006 -10.17 10.16 - 10.42 10.18 9.94 9.91 9.97 9.90 9.93 9.96 10.39 10.37 10.34 10.39 10.60
30%
USA Ronnie Baker 2025
2024
2023
2022
2021
2020
2019
2018
2017
2016
2015
2014
2013
2012
2011
9.929.95 10.01 - 9.83 10.00 10.23 9.87 9.98 10.09 10.05 10.21 10.58 10.59 10.57
30%
Jamaica Steve Mullings 2012-2011 2010 2009 2008 2007 2006 2005 2004 2003 2002 2001 2000 -9.80 10.03 10.01 10.19 10.05 10.31 - 10.05 10.16 10.55 10.47 10.60
30%
USA Walter Dix 2020-2019 2018 2017 2016 2015 2014 2013 2012 2011 2010 2009 2008 2007 2006 2005 2004 2003 2002 2001 -10.19 10.24 10.19 10.03 10.17 10.27 9.99 10.03 9.94 9.88 10.00 9.91 9.93 10.12 10.06 10.28 10.41 10.72 10.85
30%
Ghana Abdul-Rasheed Saminu 2025
2024
2023
2022 2021 2020 2019
9.8410.02 10.04 10.31 - - 10.75
20%
UK Adam Gemili 2025
2024
2023
2022
2021
2020
2019
2018
2017
2016
2015
2014
2013
2012
2011
2010
10.2910.29 10.37 10.38 10.14 10.28 10.04 10.11 10.08 10.11 9.97 10.04 10.06 10.05 10.35 10.80
20%
South Africa Bayanda Walaza 2025
2024
2023
2022
9.9410.13 10.37 10.88
20%
Jamaica Bryan Levell 2025
2024
2023
2022
2021
9.829.89 10.21 10.25 10.21
20%
UK Chijindu Ujah 2025-
2024
2023
2022
2021
2020
2019
2018
2017
2016
2015
2014
2013
2012
2011
2010
-10.07 10.11 - 10.03 10.17 10.13 10.06 9.97 10.01 9.96 9.96 10.32 10.26 10.58 10.83
20%
USA Christian Miller 2025 2024 2023 2022 10.029.93 10.06 10.58
20%
USA Coby Miller 2010-
2009
2008
2007
2006
2005
2004
2003
2002
2001
2000
1999
1998
1997
-10.35 10.47 10.41 10.40 10.16 9.99 10.07 9.98 - 9.98 10.03 10.32 10.33
20%
USA Darvis Patton 2014-
2013
2012
2011
2010
2009
2008
2007
2006
2005
2004
2003
2002
2001
2000
-10.07 9.96 9.94 10.19 9.89 9.89 10.11 10.19 10.27 10.12 10.00 10.14 10.16 10.22
20%
USA Dentarius Locke 2023-2022 2021 2020 2019 2018 2017 2016 2015 2014 2013 2012 2011 2010 2009 2008 2007 -10.74 - - 10.38 - 10.16 10.12 10.39 10.02 9.96 10.18 10.25 10.58 10.31 10.43 10.69
20%
Bahamas Derrick Atkins 2015-2014 2013 2012 2011 2010 2009 2008 2007 2006 2005 2004 2003 2002 2001 2000 -10.56 10.06 10.08 - 10.13 10.17 10.02 9.91 10.08 10.21 10.36 10.34 10.66 10.75 11.10
20%
UK Dwain Chambers 2023-2022 2021 2020 2019 2018 2017 2016 2015 2014 2013 2012 2011 2010 2009 2008 2007 2006 2005 2004 2003 2002 2001 2000 1999 1998 1997 1996 1995 -10.67 10.91 - 10.45 - 10.31 10.26 - 10.12 10.04 10.02 10.01 9.99 10.00 10.00 - 10.07 - - - - 9.99 10.08 9.97 10.03 10.06 10.42 10.41
20%
USA Elijah Hall 2025
2024
2023
2022
2021
2020
2019
2018
2017
2016
2015
2014
2013
2012
2011
2010
10.0610.09 - 9.90 10.04 10.23 - 10.10 10.11 10.16 - - 10.59 - - 10.93
20%
Cameroon Emmanuel Eseme 2025
2024
2023
2022
2021
2020
2019
9.999.98 9.96 10.08 10.32 - 10.41
20%
UK Eugene Amo-Dadzie 2025
2024
2023
2022
2021
2020
2019
9.8710.06 9.93 10.05 10.20 - 10.55
20%
Nigeria Favour Oghene Tejiri Ashe 2025 2024 2023 2022 2021 2020 2019 10.089.94 9.96 9.99 10.17 - 10.72
20%
USA Harry Adams 2020-2019 2018 2017 2016 2015 2014 2013 2012 2011 2010 2009 2008 2007 2006 2005 -10.27 - - 10.58 10.08 10.13 10.22 9.96 10.19 10.39 - - - 10.33 10.57
20%
USA Isiah Young 2023-
2022
2021
2020
2019
2018
2017
2016
2015
2014
2013
2012
2011
2010
2009
- 10.10 9.89 10.20 9.99 9.92 9.97 10.03 10.00 10.23 9.99 10.09 10.31 10.32 10.44
20%
Turkey Jak Ali Harvey 2023-2022 2021 2020 2019 2018 2017 2016 2015 2014 2013 2012 2011 2010 2009 2008 -10.15 10.18 10.30 10.14 9.99 10.06 9.92 10.01 10.17 10.04 10.08 10.09 10.26 10.62 10.53
20%
USA Jordan Anthony 2025
2024
2023
2022
2021
9.95- 10.16 10.43 10.21
20%
Jamaica Julian Forte 2025
2024
2023
2022
2021
2020
2019
2018
2017
2016
2015
2014
2013
2012
2011
2010
10.2210.00 9.99 10.32 10.03 10.03 10.17 10.11 9.91 10.05 10.06 10.03 10.12 10.19 - 10.49
20%
USA Kalen Walker 2025
2024
2023
2022
2021
9.9410.09 10.18 10.20 10.65
20%
Nigeria Kayinsola Ajayi 2025
2024
2023
2022
2021
9.8810.00 10.27 10.26 10.92
20%
Saint Kitts and Nevis Kim Collins 2019-
2018
2017
2016
2015
2014
2013
2012
2011
2010
2009
2008
2007
2006
2005
2004
2003
2002
2001
2000
1999
1998
1997
1996
1995
-10.37 10.20 9.93 9.98 9.96 9.97 10.01 10.00 10.20 10.15 10.05 10.14 10.33 10.00 10.00 9.99 9.98 10.04 10.13 10.21 10.18 21.73 10.27 10.63
20%
Australia Lachlan Kennedy 2025
2024
2023
2022
2021
9.9810.20 10.24 10.44 10.51
20%
USA Leonard Scott 2008-2007 2006 2005 2004 2003 2002 2001 2000 1999 1998 -10.09 9.91 9.94 10.01 - 10.13 10.05 10.26 10.29 10.34
20%
UK Louie Hinchliffe 2025
2024
2023
2022
2021
2020
2019
10.089.95 10.17 10.30 10.60 - 11.00
20%
USA Marcellus Moore 2025
2024
2023
2022
2021
2020
2019
2018 2017
9.9610.05 10.24 10.26 10.12 - 10.41 10.31 10.79
20%
USA Matthew Boling 2025
2024
2023
2022
2021
2020
2019
10.2510.38 10.24 9.98 10.13 - 10.11
20%
USA Maurice Gleaton 2025 2024 9.9210.25
20%
Jamaica Michael Frater 2018-2017 2016 2015 2014 2013 2012 2011 2010 2009 2008 2007 2006 2005 2004 2003 2002 2001 2000 1999 -10.38 10.04 10.14 10.38 10.49 9.94 9.88 9.98 10.02 9.97 10.03 10.06 10.03 10.06 10.13 10.21 10.26 10.46 10.88
20%
USA Michael Norman 2024-
2023
2022
2021
2020
2019
2018
2017
2016
2015
2014
2013
- 10.31 - 9.97 9.86 - - - 10.27 10.36 10.73 11.19
20%
USA Michael Rodgers 2024-
2023
2022
2021
2020
2019
2018
2017
2016
2015
2014
2013
2012
2011
2010
2009
2008
2007
2006
2005
2004
-10.62 10.19 10.00 10.12 9.97 9.89 10.00 9.97 9.86 9.91 9.90 9.94 9.85 10.00 9.94 10.06 10.10 10.26 10.30 10.63
20%
Jamaica Nesta Carter 2021
2020
2019
2018
2017
2016
2015
2014
2013
2012
2011
2010
2009
2008
2007
2006
2005
2004
2003
-10.18
10.24 10.07 10.27 - 9.98 9.96 9.87 9.95 9.89 9.78 9.91 9.98 10.11 10.20 10.59 10.56 11.01
20%
USA Pjai Austin 2025
2024
2023
2022
2021
2020
2019
2018
10.079.94 9.89 10.17 - - 10.52 10.93
20%
Turkey Ramil Guliyev 2025
2024
2023
2022
2021
2020
2019
2018
2017
2016
2015
2014
2013
2012
2011
2010
2009
2008
2007
2006
10.49- 10.59 10.16 10.25 10.23 10.16 10.10 9.97 10.07 10.12 10.20 10.23 10.33 10.14 10.24 10.08 - 10.42 10.71
20%
Jamaica Rohan Watson 2025
2024
2023
2022
2021
2020
2019
2018
2017
10.0010.07 9.91 10.41 10.89 10.76 10.82 10.87 11.03
20%
Japan Ryota Yamagata 2025
2024
2023
2022
2021
2020
2019
2018
2017
2016
2015
2014
2013
2012
2011
2010
2009
10.0810.34 10.12 - 9.95 10.42 10.11 10.00 10.00 10.03 10.36 10.14 10.11 10.07 10.23 10.30 10.56
20%
USA Shawn Crawford 2013-2012 2011 2010 2009 2008 2007 2006 2005 2004 2003 2002 2001 2000 1999 1998 -10.45 10.33 10.24 10.21 10.09 10.13 10.01 9.99 9.88 10.07 9.94 10.09 10.16 10.41 10.21
20%
Bahamas Terrence Jones 2025 2024 2023 2022 2021 10.0810.13 9.91 10.03 10.39
20%
USA Wallace Spearmon 2018-2017 2016 2015 2014 2013 2012 2011 2010 2009 2008 2007 2006 2005 2004 -10.71 10.18 10.47 10.50 10.29 10.27 - 10.15 10.18 10.07 9.96 10.11 10.35 10.38
20%
Japan Yoshihide Kiryu 2025
2024
2023
2022
2021
2020
2019
2018
2017
2016
2015
2014
2013
2012
2011
9.9910.20 10.03 10.18 10.12 10.04 10.01 10.10 9.98 10.01 10.09 10.05 10.01 10.19 10.58
20%
Japan Yuki Koike 2025
2024
2023
2022
2021
2020
2019
2018
2017
2016
2015
2014
2013
2012 2011
10.0810.11 10.11 10.13 10.13 10.19 9.98 10.17 10.46 10.54 10.35 10.32 10.38 10.60 10.63
20%
USA Ameer Webb 2025-
2024
2023
2022
2021
2020
2019
2018
2017
2016
2015
2014
2013
2012
2011
2010
-10.10 10.17 10.04 10.09 11.30 10.10 10.07 10.23 9.94 10.04 10.37 10.14 10.17 10.37 10.45
10%
Jamaica Andre Ewers 2025-
2024
2023
2022
2021
2020
2019
2018
2017
2016
2015
2014
2013
-10.19 10.49 10.25 10.12 10.04 10.06 9.98 10.13 10.25 10.50 10.31 11.07
10%
Jamaica Andrew Fisher 2022-
2021
2020
2019
2018
2017
2016
2015
2014
2013
2012
2011
2010
-10.33 - 10.15 10.24 10.12 10.07 9.94 10.09 10.07 10.39 10.41 10.62
10%
Ivory Coast Arthur Cissé 2025
2024
2023
2022
2021
2020
2019
2018
2017
2016
2015
2014
10.1310.10 9.96 10.02 10.11 10.04 9.93 9.94 10.19 10.39 10.53 10.72
10%
Ghana Aziz Zakari 2012-2011 2010 2009 2008 2007 2006 2005 2004 2003 2002 2001 2000 1999 1998 1997 1996 -10.24 10.12 10.27 10.15 - 10.22 9.99 10.00 10.07 10.15 10.04 10.06 10.35 10.29 10.26 10.30
10%
Oman Barakat Al Harthi 2025-2024 2023 2022 2021 2020 2019 2018 2017 2016 2015 2014 2013 2012 2011 2010 2009 -10.63 10.37 10.38 10.27 - 10.30 9.97 10.25 10.05 10.16 10.29 10.27 10.36 10.17 10.26 10.33
10%
USA Beejay Lee 2022-2021 2020 2019 2018 2017 2016 2015 2014 2013 2012 2011 2010 -10.53 - - - 10.05 10.09 9.99 10.25 10.07 10.28 10.48 10.61
10%
Ghana Benjamin Azamati 2025 2024 2023 2022 2021 2020 2019 2018 9.9810.05 10.09 9.90 9.97 - 10.32 10.74
10%
South Africa Benjamin Richardson 2025
2024
2023
2022
2021
2020
2019
10.019.86 10.10 10.08 10.17 10.56 10.87
10%
Ivory Coast Ben Youssef Meité 2019-
2018
2017
2016
2015
2014
2013
2012
2011
2010
2009
2008
2007
2006
2005
2004
2003
-10.14 9.97 9.96 10.04 - - 10.06 10.21 10.08 10.21 10.49 10.49 11.07 10.40 - 10.95
10%
Jamaica Bouwahjgie Nkrumie 2025
2024
2023
2022
2021
2020
2019
2018
10.0610.16 9.99 10.02 10.47 10.57 10.54 10.79
10%
USA Bryce Robinson 2022-
2021
2020
2019
2018
2017
2016
2015
2014
2013 2012
-10.10 - 10.18 10.01 10.47 10.48 9.99 10.18 10.43 10.41
10%
USA Cameron Burrell 2022-
2021
2020
2019
2018
2017
2016
2015
2014
2013
2012
2011
2010
-10.35 - 10.12 9.93 9.93 10.16 - 10.32 10.36 10.42 10.41 11.06
10%
USA Charles Silmon 2022-2021 2020 2019 2018 2017 2016 2015 2014 2013 2012 2011 2010 2009 2008 2007 -10.40 - 10.46 10.39 10.10 10.36 10.02 10.07 9.98 10.05 10.20 10.23 10.41 10.56 10.60
10%
Italy Chituru Ali 2025 2024 2023 2022 2021 2020 10.509.96 - 10.12 10.40 10.41
10%
USA Christopher Belcher 2025
2024
2023
2022
2021
2020
2019
2018
2017
2016
2015
2014
2013
2012
10.3410.47 - 10.11 10.01 10.26 10.05 - 9.93 10.07 10.46 10.27 10.71 10.73
10%
USA Clayton Vaughn 2018-2017 2016 2015 2014 2013 2012 2011 -10.04 10.02 9.93 10.13 - 10.33 10.36
10%
USA Cole Beck 2024-
2023
2022
2021
2020
2019
2018
2017
2016
2015
- 9.97 10.18 10.11 - 10.22 10.60 10.41 - 10.90
10%
USA Cravon Gillespie 2025
2024
2023
2022
2021
2020
2019
2018
2017
2016
2015
2014
10.2510.17 9.99 - 9.96 10.09 9.93 10.12 10.37 10.30 10.45 10.54
10%
USA Cravont Charleston 2025
2024
2023
2022
2021
2020
2019
2018
2017
2016
2015
2014
10.1610.49 9.90 9.98 10.10 - 10.22 10.21 10.35 10.38 10.54 10.78
10%
USA Da'marcus Fleming 2025-
2024
2023
2022
2021
2020
2019
-10.12
9.97 10.08 10.43 10.33 10.38
10%
Jamaica Davonte Burnett 2025-
2024
2023
2022
2021
2020
2019
2018
2017
2016
2015
-10.29 - 9.99 10.05 - 10.46 - 10.51 - 11.23
10%
Cayman Islands Davonte Howell 2025 2024 2023 2022 2021 9.9810.10 10.29 10.56 10.93
10%
Nigeria Deji Aliu 2010-2009 2008 2007 2006 2005 2004 2003 2002 2001 2000 1999 1998 1997 1996 1995 1994 -10.50 10.26 10.22 10.18 10.19 10.07 9.95 10.03 10.07 10.15 10.11 10.20 10.25 10.12 10.02 10.21
10%
USA Diondre Batson 2020-
2019
2018
2017
2016
2015
2014
2013
2012
2011
2010
-10.36 10.39 10.20 10.15 9.94 10.04 10.06 10.27 10.55 10.63
10%
Nigeria Divine Oduduru 2022-2021 2020 2019 2018 2017 2016 2015 2014 2013 -10.05 10.10 9.86 10.10 - 10.25 10.37 10.30 10.61
10%
Namibia Ebrahima Camara 2025
2024
2023
2022
2021
2020
2019
2018
2017
2016
2015
2014
2013
10.309.98 10.15 10.15 10.16 - 10.21 10.50 10.66 - 10.60 - 10.91
10%
Puerto Rico Eloy Benitez 2025
2024
2023
2022
2021
2020
2019
9.9510.04 10.44 10.64 - - 10.90
10%
Liberia Emmanuel Matadi 2025-
2024
2023
2022
2021
2020
2019
2018
2017
2016
2015
2014
2013
2012
2011
2010
2009
-9.91 9.97 9.98 10.01 - 10.01 - 10.18 10.14 10.41 10.35 10.52 10.80 10.57 10.62 10.75
10%
Nigeria Enoch Adegoke 2025
2024
2023
2022
2021
2020
2019
2018
2017
2016
10.1410.12 10.32 10.44 9.98 - 10.12 10.19 10.40 10.50
10%
Brazil Erik Cardoso 2025
2024
2023
2022
2021
2020
2019
2018
2017
2016
2015
9.9310.07 9.97 10.08 10.01 10.32 10.23 10.47 10.69 10.61 11.08
10%
Brazil Felipe Bardi 2025
2024
2023
2022
2021
2020
2019
2018 2017 2016 2015
9.9910.00 9.96 10.07 10.10 10.11 10.23 10.34 10.27 10.41 10.58
10%
Qatar Femi Ogunode 2025
2024
2023
2022
2021
2020
2019
2018
2017
2016
2015
2014
2013
2012
2011
2010
10.57- 10.13 10.52 10.00 - 10.25 - 10.13 9.91 9.91 9.93 - - 10.07 10.25
10%
Portugal Francis Obikwelu 2023-2022 2021 2020 2019 2018 2017 2016 2015 2014 2013 2012 2011 2010 2009 2008 2007 2006 2005 2004 2003 2002 2001 2000 1999 1998 1997 1996 1995 -10.97 10.89 - 10.92 10.60 10.68 10.42 10.34 10.52 10.42 10.47 10.18 10.18 10.10 10.04 10.06 9.99 10.04 9.86 10.11 10.01 9.98 9.97 10.01 10.01 10.10 10.12 10.31
10%
Zimbabwe Gabriel Mvumvure 2017-2016 2015 2014 2013 2012 2011 2010 2009 2008 2007 2006 -10.14 10.54 10.07 9.98 10.42 10.23 10.62 10.48 10.37 10.45 10.51
10%
South Africa Gift Leotlela 2025
2024
2023
2022
2021
2020
2019
2018 2017 2016 2015
9.9810.19 10.14 10.12 9.94 10.33 10.59 - 10.12 10.20 10.20
10%
Nigeria Godson Oke Oghenebrume 2025-
2024
2023
2022
2021
2020
2019
2018
-9.99 9.90 10.12 10.13 10.50 10.58 10.68
10%
South Africa Henricho Bruintjies 2025 2024 2023 2022 2021 2020 2019 2018 2017 2016 2015 2014 2013 2012 2011 2010 10.70- 10.55 10.13 - 10.08 10.28 10.10 10.06 10.11 9.97 10.17 10.41 - - 10.84
10%
Suriname Issamade Asinga 2024- 2023 - 9.89
10%
UK James Dasaolu 2022-2021 2020 2019 2018 2017 2016 2015 2014 2013 2012 2011 2010 2009 2008 2007 2006 -10.32 - - - 10.06 10.10 10.12 10.00 9.91 10.13 10.11 10.23 10.09 10.26 10.33 10.75
10%
USA Jaylen Bacon 2022-
2021
2020
2019
2018
2017
2016
2015
2014
2013
2012
-10.12
10.18 10.24 9.97 10.00 10.25 10.10 10.51 10.71 11.01
10%
Norway Jaysuma Saidy Ndure 2017-2016 2015 2014 2013 2012 2011 2010 2009 2008 2007 2006 2005 2004 2003 2002 -10.31 10.20 10.11 10.07 10.13 9.99 10.00 10.10 10.01 10.06 10.27 10.31 10.26 10.52 10.66
10%
France Jeff Erius 2025 2024 2023 2022 2021 2020 2019 10.109.98 10.29 10.24 10.27 11.00 10.62
10%
UK Jeremiah Azu 2025
2024
2023
2022
2021
2020
2019
2018 2017
9.979.97 10.04 10.13 10.16 10.51 10.27 10.56 10.65
10%
Colombia Jhonny Renteria Jiménez 2025
2024
2023
2022
2021
2020
2019
2018
2017
2016
2015
2014
10.279.97 10.29 10.24 10.38 - 10.30 10.18 10.31 10.41 10.48 10.61
10%
UK Joel Fearon 2022-
2021
2020
2019
2018
2017
2016
2015
2014
2013
2012
2011
2010
2009
2008
-10.41 - - - 10.21 9.96 10.73 10.26 10.10 10.25 10.34 10.44 10.48 10.70
10%
USA John Capel 2012-2011 2010 2009 2008 2007 2006 2005 2004 2003 2002 2001 2000 1999 1998 -10.54 - - 10.06 - - 10.08 9.95 9.97 - - 10.12 10.03 10.40
10%
USA Jon Drummond 2006-
2005
2004
2003
2002
2001
2000
1999
1998
1997
1996
1995
1994
1993
1992
1991
1990
1989
1988
1987
-11.10 10.37 10.07 9.97 10.09 9.96 10.04 9.94 9.92 9.98 10.10 9.99 10.03 10.12 10.19 10.10 10.21 10.25 10.28
10%
Ghana Joseph Paul Amoah 2025 2024 2023 2022 2021 2020 2019 2018 2017 10.0810.13 10.15 9.94 10.06 - 10.01 10.20 10.39
10%
Jamaica Kadrian Goldson 2025
2024
2023
2022
2021
2020
2019
2018
2017
10.0510.08 9.94 10.14 10.35 10.44 10.65 10.67 11.14
10%
Cayman Islands Kemar Hyman 2024-2023 2022 2021 2020 2019 2018 2017 2016 2015 2014 2013 2012 2011 2010 2009 2008 2007 2006 2005 -10.48 10.37 10.29 - 10.02 10.10 10.15 10.12 10.07 10.15 10.02 9.95 10.27 10.39 10.26 10.57 10.55 10.50 10.80
10%
Trinidad and Tobago Keston Bledman 2022-2021 2020 2019 2018 2017 2016 2015 2014 2013 2012 2011 2010 2009 2008 2007 2006 2005 -10.40 10.30 10.20 10.16 10.08 10.07 9.86 10.00 10.02 9.86 9.93 10.01 10.10 10.18 10.14 10.32 10.48
10%
Jamaica Lerone Clarke 2014-
2013
2012
2011
2010
2009
2008
2007
2006
2005
2004
2003
2002
-10.34 9.99 10.01 10.10 9.99 10.30 10.15 10.28 10.24 10.29 10.43 10.50
10%
Trinidad and Tobago Marc Burns 2018-2017 2016 2015 2014 2013 2012 2011 2010 2009 2008 2007 2006 2005 2004 2003 2002 2001 2000 1999 1998 -10.47 10.46 10.17 10.21 10.31 10.00 10.09 10.11 10.00 9.97 10.15 10.02 9.96 10.12 10.28 10.18 10.28 10.40 - 10.51
10%
Jamaica Mario Burke 2025
2024
2023
2022
2021
2020
2019
2018
2017
2016
2015
2014
2013
2012
10.4610.22 10.45 10.54 10.32 10.32 9.98 10.03 10.17 10.25 10.21 10.50 10.49 10.65
10%
Jamaica Mario Forsythe 2019-2018 2017 2016 2015 2014 2013 2012 2011 2010 2009 2008 2007 2006 2005 2004 2003 -10.92 - - 10.26 10.35 10.37 10.11 10.11 9.95 10.16 10.30 10.39 10.27 - 10.77 10.00
10%
USA Mark Jelks 2016-2015 2014 2013 2012 2011 2010 2009 2008 2007 2006 2005 2004 2003 2002 2001 -10.36 10.07 10.28 - - - 10.04 9.99 10.04 10.32 10.02 10.47 10.67 10.64 11.00
10%
USA Mccallum T'Mars 2025
2024
2023
2022
9.8310.03 10.26 10.37
10%
France Méba Mickaël Zeze 2025 2024 2023 2022 2021 2020 2019 2018 2017 2016 2015 2014 2013 2012 2011 2010 10.1810.16 10.27 9.99 10.15 - 10.41 10.16 10.19 10.21 10.32 10.43 10.54 10.44 10.47 10.80
10%
USA Mickey Grimes 2016-
2015
2014
2013
2012
2011
2010
2009
2008
2007
2006
2005
2004
2003
2002
2001
2000
1999
1998
-10.57 10.30 10.24 10.17 - 10.78 10.43 10.22 10.01 - - 10.12 9.99 10.18 10.18 10.20 10.19 10.32
10%
Zimbabwe Ngonidzashe Makusha 2016-2015 2014 2013 2012 2011 2010 2009 2008 2007 2006 -10.63 10.63 - - 9,89 - - - 10.52 10.64
10%
Jamaica Odean Skeen 2022-2021 2020 2019 2018 2017 2016 2015 2014 2013 2012 2011 2010 -10.41 - 10.56 - 9.98 10.30 10.21 10.14 - 10.28 - 10.42
10%
Nigeria Olusoji Adetokunbo Fasuba 2015-
2014
2013
2012
2011
2010
2009
2008
2007
2006
2005
2004
2003
2002
-10.87 - 10.92 - - 10.20 10.10 10.07 9.85 10.09 10.09 10.25 10.52
10%
Jamaica Omar Mcleod 2025
2024
2023
2022
2021
2020
2019
2018
2017
2016
2015
2014
2013
2012
2011
10.3610.47 - - - - 10.35 10.32 - 9.99 - - - - 11.02
10%
Germany Owen Ansah 2025 2024 2023 2022 2021 2020 2019 2018 2017 10.119.99 - 10.08 10.32 10.45 10.68 11.21 11.41
10%
USA Quentin Butler 2018-
2017
2016
2015
2014
2013
2012
2011
2010
-10.24 10.06 9.96 10.32 10.33 10.63 11.11 10.96
10%
USA Rakieem Salaam 2017-2016 2015 2014 2013 2012 2011 2010 2009 -10.34 10.31 10.08 10.01 9.98 9.97 10.25 10.30
10%
Nigeria Raymond Ekevwo 2023-2022 2021 2020 2019 2018 2017 2016 2015 -10.04 10.16 - 9.96 - 10.51 10.35 10.99
10%
UK Reece Prescod 2025-
2024
2023
2022
2021
2020
2019
2018
2017
2016
2015
2014
2013
-10.00 9.99 9.93 10.12 - 9.97 9.94 10.03 10.04 - - 10.73
10%
South Africa Retshidisitswe Mlenga 2025
2024
2023
2022
2021
2020
2019
2018 2017 2016 2015
9.9910.04 10.15 10.46 - - - - 10.37 10.45 11.10
10%
Cuba Reynaldo R. Espinosa 2025
2024
2023
2022
2021
2020
2019
10.039.96 10.26 10.29 10.64 - 10.47
10%
Cuba Reynier Mena 2025
2024
2023
2022
2021
2020
2019
2018
2017
2016
2015
2014
2013
2012
2011
10.1010.17 10.13 9.99 10.43 10.26 10.04 10.13 10.17 10.23 10.17 10.26 10.37 10.82 10.83
10%
Cuba Roberto Skyers 2021-2020 2019 2018 2017 2016 2015 2014 2013 2012 2011 2010 2009 2008 2007 -10.24 9.98 10.18 10.26 10.11 10.17 12.51 - 10.52 - 10.29 10.31 - 10.82
10%
France Ronald Pognon 2016-2015 2014 2013 2012 2011 2010 2009 2008 2007 2006 2005 2004 2003 2002 2001 2000 -10.71 10.62 10.45 10.35 10.32 10.22 10.21 10.10 - 10.10 9.99 10.11 10.13 10.24 10.53 10.50
10%
Colombia Ronal Longa 2025
2024
2023
2022
2021
9.9610.29 9.99 10.23 10.83
10%
Trinidad and Tobago Rondel Sorrillo 2022-2021 2020 2019 2018 2017 2016 2015 2014 2013 2012 2011 2010 2009 2008 2007 2006 -10.82 - 10.23 - 10.15 9.99 10.16 10.09 10.21 10.03 10.17 10.19 10.22 10.33 10.53 10.81
10%
Jamaica Ryiem Forde 2025
2024
2023
2022
2021
2020
2019
2018 2017
9.9810.02 9.95 - 10.18 10.29 10.19 10.45 10.91
10%
Qatar Samuel Francis 2016-2015 2014 2013 2012 2011 2010 2009 2008 2007 2006 2005 2004 -10.29 10.25 10.08 10.26 10.45 10.31 - 10.03 9.99 10.44 10.45 10.57
10%
Jamaica Senoj-Jay Givans 2022-2021 2020 2019 2018 2017 2016 2015 2014 2013 2012 -10.20 10.11 10.13 10.13 10.02 9.96 10.03 10.10 10.45 10.56
10%
Cuba Shainer Reginfo Montoya 2025 2024 2023 2022 2021 2020 2019 2018 10.149.90 10.28 10.11 10.29 10.49 10.35 10.65
10%
South Africa Shaun Maswanganyi 2025
2024
2023
2022
2021
2020
2019
2018
2017
2016
10.0710.02 9.91 10.12 10.04 10.06 10.35 10.58 - 11.14
10%
South Africa Simon Magakwe 2021-
2020
2019
2018
2017
2016
2015
2014
2013
2012
2011
2010
2009
2008
2007
2006
2005
2004
2003
-10.17 10.05 10.07 10.21 - - 9.98 10.23 10.06 10.18 10.14 10.21 - 10.57 - - - 10.86
10%
South Africa Thando Roto 2022-
2021
2020
2019
2018
2017
2016
2015
2014
2013
2012
2011
-10.54 10.66 10.23 10.17 9.95 10.28 10.49 10.30 10.53 - 11.09
10%
USA Travis Padgett 2013-2012 2011 2010 2009 2008 2007 2006 2005 2004 2003 -10.04 9.99 10.10 10.00 9.89 10.09 10.00 - 10.46 10.54
10%
USA Trell Kimmons 2016-2015 2014 2013 2012 2011 2010 2009 2008 2007 2006 2005 2004 -10.07 10.34 10.22 10.02 10.04 9.95 10.16 10.30 10.31 10.17 10.22 10.39
10%
Jamaica Tyquendo Tracey 2025
2024
2023
2022
2021
2020
2019
2018
2017
2016
2015
2014
2013
2012
2011
10.1510.10 10.09 10.24 10.00 10.20 10.00 9.96 10.12 10.27 10.14 10.21 10.35 10.61 10.73
10%
Nigeria Uchenna Emedolu 2010-2009 2008 2007 2006 2005 2004 2003 2002 2001 2000 -10.41 10.21 10.23 10.14 10.13 10.05 9.97 10.06 10.11 10.46
10%
Nigeria Udodi Chudi Onwuzurike 2025
2024
2023
2022
2021
2020
2019
10.0910.24 9.92 10.03 10.23 - 10.87
10%
Sri Lanka Yupun Abeykoon 2025
2024
2023
2022
2021
2020
2019
2018
2017
2016
2015
10.1710.15 - 9.96 10.15 10.16 10.44 10.31 10.52 10.51 10.83
10%
China Zhenye Xie 2025 2024 2023 2022 2021 2020 2019 2018 2017 2016 2015 2014 2013 2012 2011 2010 10.2310.06 10.03 10.27 10.10 10.31 10.01 9.97 10.04 10.08 10.25 10.34 10.31 10.45 10.36 10.59
10%
USA Marcus Brunson 2012-2011 2010 2009 2008 2007 2006 2005 2004 2003 2002 2001 2000 1999 -10.91 - 10.12 10.26 10.26 9.99 10.31 10.06 10.07 10.16 10.10 10.31 10.10
0%
No matching quizzes found
Score Distribution
Percent of People with Each Score
Percentile by Number Answered
Your Score History
You have not taken this quiz since the last reset